WHISTLEBLOWER SEX TRAFFICKING MILITARY C (Record no. 27360)

MARC details
000 -LEADER
fixed length control field 00360nam a2200133Ia 4500
008 - FIXED-LENGTH DATA ELEMENTS--GENERAL INFORMATION
fixed length control field 240624s9999 xx 000 0 und d
041 ## - LANGUAGE CODE
Language code of text/sound track or separate title eng
082 ## - DEWEY DECIMAL CLASSIFICATION NUMBER
Classification number 364.15 BOL
100 ## - MAIN ENTRY--PERSONAL NAME
Personal name BOLKOVAC KATHRYN
245 ## - TITLE STATEMENT
Title WHISTLEBLOWER SEX TRAFFICKING MILITARY C
260 ## - PUBLICATION, DISTRIBUTION, ETC.
Date of publication, distribution, etc. 2011
Place of publication, distribution, etc. New York
Name of publisher, distributor, etc. Palgrave Macmillan
300 ## - PHYSICAL DESCRIPTION
Extent vii, : 240 : p. : cm. ; 23
365 ## - TRADE PRICE
Currency code
Price amount 50
Holdings
Withdrawn status Lost status Damaged status Not for loan Home library Current library Shelving location Date acquired Source of acquisition Cost, normal purchase price Full call number Barcode Date last seen Copy number Price effective from Koha item type
        IMTN IMTN Rack 16-A 04/25/2016 BKI 16.00 364.15 BOL 27360 06/24/2024 70.7 06/24/2024 Books
Designed & Maintained by: LRC IMT Nagpur Contact: lrc@imtnag.ac.in© 2024. All Rights Reserved.